|
|
|
|
| LEADER |
01273nam a2200229 a 4500 |
| 008 |
100522s2000 enk 000 0 eng d |
| 020 |
|
|
|a 0141182008
|
| 040 |
|
|
|a DLC
|c DLC
|d DLC
|d BD-DhAAL
|
| 082 |
0 |
0 |
|a 844/.008
|2 21
|
| 100 |
1 |
|
|a Camus, Albert,
|d 1913-1960.
|
| 240 |
1 |
0 |
|a Mythe de Sisyphe.
|l English
|
| 245 |
1 |
4 |
|a The myth of Sisyphus /
|c Albert Camus ; translated from French by Justin O'Brien.
|
| 260 |
|
|
|a London ;
|a New York :
|b Penguin Books,
|c 2000.
|
| 300 |
|
|
|a xx, 192 p. ;
|c 20 cm.
|
| 541 |
1 |
|
|e 00020273
|
| 650 |
|
0 |
|a French essays.
|
| 700 |
1 |
|
|a O'Brien, Justin,
|d 1906-1968.
|
| 852 |
4 |
|
|a Ayesha Abed Library
|j General Shelf
|
| 999 |
|
|
|c 8673
|d 8673
|
| 952 |
|
|
|0 0
|1 0
|2 ddc
|4 0
|6 844_008000000000000_CAM_2000
|7 0
|9 10433
|a BRACUL
|b BRACUL
|c GEN
|d 2010-05-24
|l 3
|m 52
|o 844.008 CAM
|p 3010020273
|q 2023-05-16
|r 2019-12-01
|s 2019-12-01
|t 1
|w 2010-05-24
|y BK
|
| 952 |
|
|
|0 0
|1 4
|2 ddc
|4 0
|6 844_008000000000000_CAM
|7 0
|9 10434
|a BRACUL
|b BRACUL
|c GEN
|d 2010-05-24
|l 3
|m 40
|o 844.008 CAM
|p 3010020293
|r 2019-01-31
|s 2018-11-11
|t 2
|w 2010-05-24
|y BK
|x Koha Inventory 2020
|
| 952 |
|
|
|0 0
|1 0
|2 ddc
|4 0
|6 844_008000000000000_CAM
|7 0
|9 43843
|a BRACUL
|b BRACUL
|c GEN
|d 2014-10-16
|e Friends book corner
|g 80.00
|l 10
|m 80
|o 844.008 CAM
|p 3010028448
|q 2026-02-05
|r 2025-12-22
|s 2025-12-22
|t 3
|w 2014-10-16
|y BK
|x Transferred from BIL to BRACUL on 06/06/22
|